Pakistan:a study of political developments 1947-97 (Record no. 2708)

000 -LEADER
fixed length control field 00300nam a22001217a 4500
020 ## - INTERNATIONAL STANDARD BOOK NUMBER
International Standard Book Number 9693509870
082 ## - DEWEY DECIMAL CLASSIFICATION NUMBER
Classification number 320.95491
100 ## - MAIN ENTRY--PERSONAL NAME
Personal name Hamid Yusuf
245 ## - TITLE STATEMENT
Title Pakistan:a study of political developments 1947-97
260 ## - PUBLICATION, DISTRIBUTION, ETC.
Place of publication, distribution, etc. Lahore
Name of publisher, distributor, etc. Sange meel publications
Date of publication, distribution, etc. 1999.
300 ## - PHYSICAL DESCRIPTION
Extent 274p
942 ## - ADDED ENTRY ELEMENTS (KOHA)
Koha item type Book
Holdings
Withdrawn status Lost status Source of classification or shelving scheme Damaged status Not for loan Collection code Permanent Location Current Location Shelving location Date acquired Total Checkouts Total Renewals Full call number Barcode Date last seen Date last checked out Price effective from Koha item type
            NUST Law School (NLS) NUST Law School (NLS) General Stacks 03/15/2016 6 2 320.95491 YUS S3H-N-530 03/11/2024 12/29/2023 03/15/2016 Book
© 2023 Central Library, National University of Sciences and Technology. All Rights Reserved.